Statistics for Biggest city to province #3

Click here to take the quiz!

General Stats

  • This quiz has been taken 11 times
    (7 since last reset)
  • The average score is 9 of 15

Answer Stats

HintAnswer% Correct
ExtremaduraBadajoz
83%
West FlandersBruges
83%
SardiniaCagliari
83%
OccitaniaToulouse
83%
MontanaBillings
67%
Lower SaxonyHannover
67%
FrieslandLeeuwarden
67%
Republic of BashkortostanUfa
67%
West MidlandsBirmingham
50%
Prince Edward IslandCharlottetown
50%
Mato GrussoCuiabá
50%
ZhejiangHangzhou
33%
EhimeMatsuyama
33%
South SumatraPalembang
33%
Khorāsān RazaviMashad
17%

Score Distribution

Percentile by Number Answered

Percent of People with Each Score

Your Score History

You have not taken this quiz since the last reset